000
00196 a2200097 4500
001
25790
100
_a
Ludwig, R M
245
_a
Nine Short Noveles
260
_a
_b
Heath
_c
090
_c
17433
_d
17433
942
_a
NUST-CAE
_c
M
_c
8262
999
_c
260863
_d
260863